Statistics for Divide (Deluxe Edition) - Ed Sheeran Quiz

Click here to take the quiz!

General Stats

  • This quiz has been taken 677 times
  • The average score is 10 of 16

Answer Stats

Track No.Peak on BBH100Song% Correct
4#1Shape of You
94%
2#6Castle On The Hill
88%
5#1Perfect
87%
1#90Eraser
76%
6#53Galway Girl
76%
3#49Dive
74%
12#75Supermarket Flowers
66%
13#96Barcelona
63%
8#72New Man
61%
7#59Happier
60%
15#101Nancy Mulligan
60%
11#41How Would You Feel (Paean)
45%
9#93Hearts Don't Break Around Here
43%
10#83What Do I Know?
42%
16#103Save Myself
42%
14#105Bibia Be Ye Ye
37%

Score Distribution

Percentile by Number Answered

Percent of People with Each Score

Your Score History

You have not taken this quiz